期刊信息 |
| 索取号 |
C5/QLY
|
| 题名 |
齐鲁艺苑
|
| 作者 |
齐鲁艺苑杂志社
|
| 分册号 |
|
| 分册名 |
|
| 出版地 |
山东
|
| 出版者 |
齐鲁艺苑杂志社
|
| 标准刊号 |
|
| 出版频率 |
月刊
|
| 中图法分类 |
C5
|
| 主题词 |
社会科学 丛书; 社会科学 文集; 社会科学 连续出版物
|
| 电子资源 | |
| |
|
| 000 | 00634nas0 2200241 45 | |
| 001 | 0552754062 | |
| 005 | 20070416110304.40 | |
| 010 | @d10 | |
| 011 | @dCNY0.50(1982) | |
| 091 | @aCN37-1063/J | |
| 092 | @b124-10 | |
| 100 | @a20051129d km y0chiy0120 ea | |
| 101 | 0 | @achi |
| 200 | 1 | @a齐鲁艺苑@AQi Lu Yi Yuan@f齐鲁艺苑杂志社@FQi Lu Yi Yuan Za Zhi She |
| 210 | @a山东@c齐鲁艺苑杂志社 | |
| 326 | @a月刊 | |
| 606 | 0 | @a社会科学@x丛书 |
| 606 | 0 | @a社会科学@x文集 |
| 606 | 0 | @a社会科学@x连续出版物 |
| 690 | @aC5@v4 | |
| 701 | 0 | @a齐鲁艺苑杂志社@AQi Lu Yi Yuan Za Zhi She |
| 801 | 0 | @aCN@bPFT@c20070416 |
| 905 | @aTJWY@dC5@eQLY | |
| 齐鲁艺苑/齐鲁艺苑杂志社.-山东:齐鲁艺苑杂志社 |
| 10 CNY0.50(1982) |
| ● |
| 相关链接: |
|
|
|
|